000 00756naa a2200181 i 4500
001 10395
003 KOSZ 005
005 20180421094402.0
008 180421s2011 pl f |000 | pol
040 _cKOSZ 005/HR
_dKOSZ 005/HR
041 _apol
080 _a657
100 _aPOLAK, Katarzyna.
_d2004 - .
_bPolitechnika Koszalińska - Wydział Ekonomii i Zarządzania,
_cKatedra Rachunkowości i Finansów - Zakład Rachunkowości
245 1 0 _aOrganizacja rachunkowości w grupach kapitałowych /
_cKatarzyna Polak.
650 0 _aFinanse - sprawozdawczość.
773 0 _iW :
_tOrganizacja rachunkowości / red. nauk. Kazimiera Winiarska. -
_dWarszawa : Państwowe Wydaw. Ekonomiczne, 2011. -
_gs. 218-227
_z9788320819649
942 _cROZ
_2UKD
999 _c10395
_d10395